00574nam a2200181 a 450000100060000000300080000600500170001400800410003103500190007204000270009104100080011808200240012624501160015026000570026630000290032365000220035270000180037469386BD-RjUL20211209081858.0970826r19681964xx a 000 0 und d a(BD-RjUL)69597 aEQOcEQObengdBD-RjUL aeng 223a546.6bINF 196810aInformal proceedings of the Buhl international conference on materials, Pittsburgh, 1963 /ced. by E.R. Schatz. aNew York :bGordon & Breach,c1964 [reprinting 1968] a136 p. :bill. ;c25 cm. aTransition metals1 aSchatz, E. R.